| 000 | 00509nam a2200193Ia 4500 | ||
|---|---|---|---|
| 003 | GCL | ||
| 008 | 140319s9999 xx 000 0 eng d | ||
| 040 |
_aGCL / _cGCL |
||
| 082 | 0 | 4 |
_a792.807 _bK T |
| 100 | 1 | _aKASSING, GAYLE | |
| 245 | 1 | 0 |
_aTEACHING BEGINNING BALLET TECHNIQUES / _cKASSING, GAYLE |
| 700 | 1 | _aJAY, DANIELLLE M | |
| 260 |
_a[S.N] : _bHUMAN KINETICS BOOKS ، _c1994 |
||
| 300 | _a187 P | ||
| 650 | 0 | 4 | _aBALLETS |
| 650 | 0 | 4 | _aBALLET - STUDY AND TEACHING |
| 650 | 0 | 4 | _aARTS |
| 942 |
_2ddc _cBK |
||
| 999 |
_c16442 _d16442 |
||